Piłka nożna quiz #65 - Najlepsi strzelcy Mistrzostw Świata - Statystyki

Ogólne statystyki
  • Ten quiz został rozwiązany 1 205 razy
  • Średni wynik to 7 z 15
Statystyki odpowiedzi
Zawodnik Narodowość Występy Liczba bramek % Poprawnych
Lionel Messi Argentyna 26 13
96%
Ronaldo Brazylia 19 15
94%
Gerd Müller Niemcy 13 14
83%
Thomas Müller Niemcy 19 10
82%
Miroslav Klose Niemcy 24 16
81%
Kylian Mbappé Francja 14 12
78%
Grzegorz Lato Polska 20 10
71%
Pelé Brazylia 14 12
71%
Gary Lineker Anglia 12 10
17%
Just Fontaine Francja 6 13
16%
Gabriel Batistuta Argentyna 12 10
11%
Jürgen Klinsmann Niemcy 17 11
7%
Sándor Kocsis Węgry 5 11
6%
Teófilo Cubillas Peru 13 10
3%
Helmut Rahn Niemcy 10 10
1%
Nie znaleziono quizów pasujących do podanych kryteriów
Rozkład punktacji
Procent ludzi z każdym wynikiem
Percentyl według liczby udzielonych odpowiedzi
Twoja historia wyników
Nie rozwiązałeś tego quizu